Reactive intermediates in organic chemistry (Record no. 31605)

MARC details
000 -LEADER
fixed length control field 00284nam a2200109Ia 4500
082 ## - DEWEY DECIMAL CLASSIFICATION NUMBER
Classification number 547
Item number ISA
100 ## - MAIN ENTRY--AUTHOR NAME
Personal name Issacs, Neil S
245 #0 - TITLE STATEMENT
Title Reactive intermediates in organic chemistry
260 ## - PUBLICATION, DISTRIBUTION, ETC. (IMPRINT)
Place of publication London
Name of publisher John Wiley
Year of publication 1974
942 ## - ADDED ENTRY ELEMENTS (KOHA)
Koha item type Books
Holdings
Withdrawn status Lost status Damaged status Not for loan Home library Current library Date acquired Cost, normal purchase price Full call number Accession Number Koha item type
        RRII Library RRII Library 16/12/2021 38.50 547 ISA 12146 Books